[Event "Brno /Olexa/"]
[Site "?"]
[Date "2012.12.28"]
[Round "5"]
[White "Zikan, Karel"]
[Black "Doskar, Miloslav"]
[Result "1/2-1/2"]
[WhiteElo "1813"]
[BlackElo "1752"]
[PlyCount "106"]
[EventDate "2012.??.??"]

1. c4 Nf6 2. Nc3 e6 3. Nf3 Bb4 4. g3 Bxc3 5. bxc3 b6 6. Bg2 Bb7 7. O-O O-O 8.
d4 c5 9. Re1 h6 10. a4 d6 11. Qb3 Nc6 12. a5 Rb8 13. axb6 axb6 14. Bf4 Na5 15.
Qa2 g5 16. Be3 Ne4 17. Rec1 f5 18. Nd2 Nxd2 19. Bxb7 Rxb7 20. Bxd2 Qc7 21. Qa4
f4 22. Qc2 Qg7 23. Qa4 fxg3 24. hxg3 cxd4 25. cxd4 Qxd4 26. Be3 Qf6 27. Rab1
Rfb8 28. Bd2 Qe5 29. Be3 Qe4 30. Rb5 d5 31. Qc2 Qxc2 32. Rxc2 Nxc4 33. Bc1 Ra8
34. e4 Ra5 35. Rb4 Ra1 36. Kg2 Ra8 37. f4 gxf4 38. Bxf4 Rh7 39. exd5 exd5 40.
Bc1 Rc8 41. Kf2 Rf7+ 42. Kg1 h5 43. Rb5 Rf5 44. Be3 Ra8 45. Rxc4 Rf3 46. Rc3
Rxg3+ 47. Kf2 h4 48. Rxd5 Rf8+ 49. Ke2 Re8 50. Kd2 Rg2+ 51. Kd3 Rg3 52. Kd2
Rg2+ 53. Kd3 Rg3 1/2-1/2

[Event "Brno /Olexa/"]
[Site "?"]
[Date "2012.12.28"]
[Round "5"]
[White "Hlousek, Dusan"]
[Black "Smutny, Vladimir"]
[Result "1/2-1/2"]
[WhiteElo "1621"]
[BlackElo "1617"]
[PlyCount "51"]
[EventDate "2012.??.??"]

1. e4 d6 2. d4 Nf6 3. Nc3 g6 4. Bc4 Bg7 5. h3 O-O 6. Nge2 c6 7. O-O b5 8. Bd3
a6 9. a3 c5 10. dxc5 dxc5 11. Ng3 Qc7 12. Re1 Rd8 13. Qf3 e5 14. Bg5 Rd6 15.
Qe3 c4 16. Bf1 Nc6 17. Bxf6 Bxf6 18. Nd5 Qd8 19. Nxf6+ Qxf6 20. c3 Bb7 21. Be2
Rad8 22. Rad1 Qe7 23. Rxd6 Rxd6 24. Qc1 Kg7 25. Rd1 Rf6 26. Qg5 1/2-1/2

[Event "Brno /Olexa/"]
[Site "?"]
[Date "2012.12.28"]
[Round "5"]
[White "Glacner, Karel"]
[Black "Koci, Tereza"]
[Result "1-0"]
[WhiteElo "1590"]
[BlackElo "1336"]
[PlyCount "45"]
[EventDate "2012.??.??"]

1. Nc3 e6 2. Nf3 c5 3. d4 d5 4. e4 dxe4 5. Nxe4 cxd4 6. Bb5+ Bd7 7. Bxd7+ Nxd7
8. Qxd4 Ngf6 9. Bg5 Be7 10. Nd6+ Bxd6 11. Qxd6 Qa5+ 12. Bd2 Qa4 13. Bb4 Nd5 14.
Bd2 Qxc2 15. O-O Qc5 16. Qg3 g6 17. Bh6 f6 18. Qh3 Kf7 19. Rae1 Rae8 20. Be3
Nxe3 21. fxe3 Qf5 22. Qg3 e5 23. Ng5+ 1-0

[Event "Brno /Olexa/"]
[Site "?"]
[Date "2012.12.28"]
[Round "5"]
[White "Koci, Tomas"]
[Black "Bartosova, Veronika"]
[Result "1-0"]
[WhiteElo "1250"]
[BlackElo "1376"]
[PlyCount "95"]
[EventDate "2012.??.??"]

1. e4 e5 2. Nf3 Nc6 3. Bc4 Bc5 4. b4 Bxb4 5. c3 Ba5 6. d4 exd4 7. Qb3 Qe7 8.
Ba3 d6 9. O-O Bg4 10. Nxd4 Nxd4 11. cxd4 b6 12. e5 Nh6 13. Qa4+ Bd7 14. Bb5 Rd8
15. exd6 cxd6 16. Bb4 Bxb4 17. Qxb4 O-O 18. Nc3 Bf5 19. Nd5 Qg5 20. f4 Qg4 21.
Rf3 Kh8 22. Rg3 Qh4 23. Ne3 Bc8 24. Qb2 Qxf4 25. d5 Rg8 26. Qc2 g6 27. Rf1 Qd4
28. Qc7 a6 29. Bc6 Rdf8 30. Kh1 Qe5 31. Bb7 Nf5 32. Nxf5 Bxf5 33. Qxb6 Rg7 34.
Qxa6 f6 35. a4 Rd8 36. a5 Rdd7 37. Qa8+ Rg8 38. Qa6 Rb8 39. Rb3 Rc7 40. Qa7 Rd8
41. a6 Qxd5 42. Qb6 Qc5 43. a7 Qxb6 44. Rxb6 Bd3 45. Rd1 Kg7 46. a8=Q Rxa8 47.
Bxa8 Be2 48. Re1 1-0

[Event "Brno /Olexa/"]
[Site "?"]
[Date "2012.12.29"]
[Round "6"]
[White "Spodny, Josef"]
[Black "Horak, Jiri"]
[Result "1/2-1/2"]
[WhiteElo "2011"]
[BlackElo "2209"]
[PlyCount "59"]
[EventDate "2012.??.??"]

1. d4 Nf6 2. Nf3 e6 3. e3 b6 4. Bd3 Bb7 5. Nbd2 c5 6. O-O Nc6 7. c3 Be7 8. e4
d6 9. Re1 O-O 10. Nf1 cxd4 11. cxd4 e5 12. d5 Nb4 13. Bg5 Nxd3 14. Qxd3 Nxd5
15. Bxe7 Nxe7 16. Rad1 f6 17. Qxd6 Qxd6 18. Rxd6 Rfd8 19. Rxd8+ Rxd8 20. N3d2
Nc6 21. f3 Nd4 22. Kf2 Rc8 23. Ne3 Kf7 24. Ndc4 Ke6 25. Rd1 {(R)} g6 26. g4 Ba6
27. b3 b5 28. Na3 Rc5 29. Rd2 Bb7 30. Nac2 {(R)} 1/2-1/2

[Event "Brno /Olexa/"]
[Site "?"]
[Date "2012.12.29"]
[Round "6"]
[White "Dvorak, Adam"]
[Black "Vitula, Jan"]
[Result "1-0"]
[WhiteElo "2030"]
[BlackElo "1892"]
[PlyCount "51"]
[EventDate "2012.??.??"]

1. d4 Nf6 2. c4 g6 3. Nc3 Bg7 4. e4 d6 5. f4 O-O 6. Nf3 c5 7. d5 e6 8. Be2 exd5
9. cxd5 Re8 10. Nd2 b6 11. O-O Ba6 12. Re1 Bxe2 13. Qxe2 Nbd7 14. Qc4 Ng4 15.
Nf3 Bd4+ 16. Nxd4 cxd4 17. Qxd4 Qh4 18. Be3 Qxh2+ 19. Kf1 Nc5 20. b4 Nxe3+ 21.
Qxe3 Qh1+ 22. Kf2 Qh4+ 23. g3 Qh2+ 24. Kf3 Qh5+ 25. Kg2 Nd7 26. Rh1 1-0

[Event "Brno /Olexa/"]
[Site "?"]
[Date "2012.12.29"]
[Round "6"]
[White "Zeman, Arnost"]
[Black "Kucera, Petr"]
[Result "1-0"]
[WhiteElo "1988"]
[BlackElo "1968"]
[PlyCount "77"]
[EventDate "2012.??.??"]

1. c4 Nf6 2. Nf3 e6 3. d3 Bb4+ 4. Nbd2 O-O 5. a3 Be7 6. g3 d5 7. Bg2 c5 8. O-O
Nc6 9. Re1 Qc7 10. Qc2 h6 11. b3 Rd8 12. Bb2 d4 13. e3 e5 14. exd4 exd4 15. Ne4
Bf5 16. Nxf6+ Bxf6 17. Bc1 g5 18. Nd2 Re8 19. Ne4 Bg7 20. f4 g4 21. Bd2 Qe7 22.
b4 cxb4 23. axb4 Nxb4 24. Bxb4 Qxb4 25. Reb1 Qe7 26. Rxb7 Qd8 27. Rd1 a5 28.
Rb5 Bd7 29. Rd5 Qc7 30. Rc5 Qa7 31. Rd5 Bc6 32. Rd6 Bxe4 33. Bxe4 Rad8 34. Rxd8
Rxd8 35. Qa4 Bf8 36. Ra1 Bc5 37. Qxa5 Qe7 38. Qa6 f5 39. Qg6+ 1-0

[Event "Brno /Olexa/"]
[Site "?"]
[Date "2012.12.29"]
[Round "6"]
[White "Kosina, Vladimir"]
[Black "Binder, Jaroslav"]
[Result "0-1"]
[WhiteElo "1808"]
[BlackElo "1884"]
[PlyCount "130"]
[EventDate "2012.??.??"]

1. Nf3 d5 2. c4 e6 3. a3 Nf6 4. b4 g6 5. Bb2 Bg7 6. Qc2 O-O 7. d3 Nc6 8. Nbd2
Ne7 9. g3 c6 10. Bg2 Bd7 11. O-O Rc8 12. Rfd1 Ne8 13. e4 f5 14. e5 Nc7 15. Re1
Be8 16. Nb3 Bh6 17. Bc1 f4 18. g4 g5 19. Bf1 Ng6 20. Bb2 Bg7 21. Rac1 Qe7 22.
h3 Nh4 23. Nxh4 gxh4 24. f3 h5 25. Qg2 hxg4 26. hxg4 Bg6 27. Bd4 b6 28. Bf2 Bh6
29. Nd4 Be8 30. Qh2 Bg5 31. Rc2 c5 32. bxc5 bxc5 33. Nb3 d4 34. Nd2 Bc6 35. Rb2
Rb8 36. Reb1 Rxb2 37. Rxb2 Qg7 38. Bxh4 Qxe5 39. Bxg5 Qxg5 40. Ne4 Qg6 41. Qh4
Ne8 42. Rh2 Bxe4 43. dxe4 Qg7 44. Bd3 e5 45. Rb2 Rf6 46. Qh5 Qe7 47. Rb8 Kf8
48. g5 Rb6 49. g6 Qg7 50. Rxb6 axb6 51. Qf5+ Qf6 52. Qh5 Ke7 53. Bf1 Ng7 54.
Qh6 Ne6 55. Bh3 Qg5+ 56. Qxg5+ Nxg5 57. Bg4 Kf6 58. Kf2 Kxg6 59. Ke2 Kf6 60.
Kd2 Ke7 61. Kc2 Kd6 62. Kb3 Nf7 63. Bh5 Nd8 64. Ka4 Nb7 65. Bf7 Na5 0-1

[Event "Brno /Olexa/"]
[Site "?"]
[Date "2012.12.29"]
[Round "6"]
[White "Kopecek, Ivan"]
[Black "Cip, Dalibor"]
[Result "0-1"]
[WhiteElo "1951"]
[BlackElo "2108"]
[PlyCount "142"]
[EventDate "2012.??.??"]

1. d4 Nf6 2. c4 c5 3. d5 e6 4. Nc3 exd5 5. cxd5 d6 6. e4 g6 7. Nf3 Bg7 8. Bd3
O-O 9. O-O a6 10. a4 Bg4 11. h3 Bxf3 12. Qxf3 Nbd7 13. Qe2 Re8 14. Qc2 Rc8 15.
Bg5 Qc7 16. Bc4 h6 17. Bh4 Ne5 18. Be2 c4 19. f4 Nd3 20. Bxd3 cxd3 21. Qxd3
Qb6+ 22. Rf2 Nh5 23. Kh1 Bd4 24. a5 Qc5 25. Rf3 Qc4 26. Qxc4 Rxc4 27. e5 g5 28.
g4 Nxf4 29. Rxf4 gxf4 30. exd6 f6 31. Ne4 Kg7 32. d7 Rd8 33. Nd6 Rb4 34. Be1
Bxb2 35. Rb1 Rb3 36. Nc4 Bc3 37. Rxb3 Bxe1 38. Nb6 Bxa5 39. Kg2 Bxb6 40. Rxb6
Rxd7 41. Kf3 Rxd5 42. Rxb7+ Kg6 43. Kxf4 Rd4+ 44. Kg3 Rd3+ 45. Kh4 a5 46. Ra7
Rd5 47. Kg3 Rd3+ 48. Kf4 Rd4+ 49. Kg3 a4 50. Ra5 Kf7 51. Kh4 Re4 52. Ra7+ Kg6
53. Ra5 Rb4 54. Kg3 Rb3+ 55. Kh4 a3 56. Ra7 Rc3 57. Ra5 Kf7 58. Ra7+ Ke6 59.
Ra6+ Ke5 60. Kh5 Rxh3+ 61. Kg6 Kd4 62. Kxf6 Kc4 63. Kg6 Kb3 64. Rb6+ Ka2 65.
Rb8 Ka1 66. Ra8 Kb2 67. Rb8+ Rb3 68. Rf8 Rb6+ 69. Kh5 a2 70. Rf2+ Ka3 71. Rf8
a1=Q 0-1

[Event "Brno /Olexa/"]
[Site "?"]
[Date "2012.12.29"]
[Round "6"]
[White "Kredl, Karel"]
[Black "Hrdlicka, Vladan"]
[Result "1-0"]
[WhiteElo "2133"]
[BlackElo "1512"]
[PlyCount "91"]
[EventDate "2012.??.??"]

1. e4 c5 2. Nf3 e6 3. d4 cxd4 4. c3 dxc3 5. Nxc3 Nc6 6. Bc4 a6 7. O-O d6 8. Qe2
Nf6 9. Rd1 Qc7 10. Bf4 Ne5 11. Nxe5 dxe5 12. Bg3 Bb4 13. Rac1 O-O 14. a3 Bxc3
15. Rxc3 Qe7 16. Bxe5 Rd8 17. Rcd3 Bd7 18. Bxf6 gxf6 19. Qd2 Kh8 20. Rxd7 Rxd7
21. Qxd7 Qxd7 22. Rxd7 Rc8 23. Bb3 Kg8 24. g3 b5 25. Kg2 a5 26. a4 Rb8 27. Ra7
bxa4 28. Bxa4 Rxb2 29. Rxa5 Re2 30. Bc6 Rc2 31. Ra6 Kg7 32. h4 h5 33. Bb5 Rb2
34. Bd3 Rd2 35. Ra3 e5 36. Kf3 Rb2 37. Ke3 Kh6 38. Ra8 Kg7 39. Rc8 Rb3 40. Rd8
Ra3 41. Kd2 Ra2+ 42. Bc2 Ra1 43. Bd1 Ra2+ 44. Ke1 Rb2 45. Bxh5 Rb4 46. Bf3 1-0

[Event "Brno /Olexa/"]
[Site "?"]
[Date "2012.12.29"]
[Round "6"]
[White "Pesl, Jan"]
[Black "Hala, Pavel"]
[Result "1-0"]
[WhiteElo "1791"]
[BlackElo "1571"]
[PlyCount "79"]
[EventDate "2012.??.??"]

1. d4 Nf6 2. c4 c6 3. Nc3 g6 4. e4 d6 5. Nf3 Nbd7 6. Be2 Bg7 7. O-O O-O 8. h3
Ne8 9. Bf4 h6 10. Qd2 Kh7 11. Rad1 Qc7 12. Rfe1 e5 13. Be3 a6 14. Nh2 Ndf6 15.
f4 exf4 16. Bxf4 g5 17. Bg3 Qe7 18. Bd3 Kg8 19. Qe2 Qd8 20. e5 dxe5 21. dxe5
Nd7 22. e6 fxe6 23. Qxe6+ Kh8 24. Qg6 Ndf6 25. Kh1 Qd7 26. Ng4 Qf7 27. Ne5 Qg8
28. c5 Qh7 29. Bc4 Nd5 30. Nxd5 cxd5 31. Bxd5 Bf5 32. Nf7+ Kg8 33. Nxh6+ Kh8 {
(R)} 34. Nf7+ Kg8 35. Nxg5+ Kh8 36. Nxh7 Bxg6 37. Nxf8 Bxf8 38. Bxb7 Ra7 39. c6
Bf5 40. Rxe8 1-0

[Event "Brno /Olexa/"]
[Site "?"]
[Date "2012.12.29"]
[Round "6"]
[White "Brhlik, Antonin"]
[Black "Horak, Ales"]
[Result "0-1"]
[WhiteElo "1687"]
[BlackElo "1729"]
[PlyCount "50"]
[EventDate "2012.??.??"]

1. e4 c5 2. Nf3 Nc6 3. d4 cxd4 4. Nxd4 g6 5. Nc3 Bg7 6. Be3 Nf6 7. Bc4 O-O 8.
f3 Qb6 9. Bb3 Nxe4 10. Nd5 Qa5+ 11. c3 Bxd4 12. Bxd4 Nc5 13. Bc4 Ne6 14. Be3
Qd8 15. Qd2 Nc7 16. h4 Nxd5 17. Bxd5 Qc7 18. O-O-O a5 19. Bxc6 dxc6 20. h5 Be6
21. hxg6 fxg6 22. Rxh7 Kxh7 23. Bd4 Kg8 24. Qh6 Qf4+ 25. Qxf4 Rxf4 0-1

[Event "Brno /Olexa/"]
[Site "?"]
[Date "2012.12.29"]
[Round "6"]
[White "Martirosyan, Ara"]
[Black "Zikan, Karel"]
[Result "1-0"]
[WhiteElo "1596"]
[BlackElo "1813"]
[PlyCount "85"]
[EventDate "2012.??.??"]

1. e4 c6 2. Ne2 d5 3. e5 Bf5 4. Ng3 Bg6 5. h4 h6 6. h5 Bh7 7. e6 Nf6 8. d4 fxe6
9. Bd3 Qd6 10. Bxh7 Nxh7 11. Qd3 e5 12. Qg6+ Kd7 13. Qf5+ e6 14. Qxe5 Qxe5+ 15.
dxe5 Bc5 16. f4 Na6 17. c3 Nc7 18. Ke2 Raf8 19. Rf1 Rf7 20. Nd2 Nf8 21. Nb3 Be7
22. f5 Bh4 23. fxe6+ Kxe6 24. Nd4+ Ke7 25. Ngf5+ Kd7 26. Nxh4 Rxf1 27. Kxf1
Nfe6 28. Nxe6 Kxe6 29. Ng6 Re8 30. Be3 b6 31. Ke2 c5 32. Rf1 Nb5 33. a4 Nc7 34.
Rf8 a6 35. Rxe8+ Nxe8 36. b4 d4 37. cxd4 cxb4 38. Bd2 a5 39. Kd3 Nc7 40. Kc4
Nd5 41. Nf8+ Ke7 42. Kxd5 Kxf8 43. Kc6 1-0

[Event "Brno /Olexa/"]
[Site "?"]
[Date "2012.12.29"]
[Round "6"]
[White "Smutny, Vladimir"]
[Black "Glacner, Karel"]
[Result "0-1"]
[WhiteElo "1617"]
[BlackElo "1590"]
[PlyCount "106"]
[EventDate "2012.??.??"]

1. d4 Nf6 2. Bg5 g6 3. Bxf6 exf6 4. e3 Bg7 5. Bd3 c6 6. c4 d6 7. Nc3 O-O 8. h3
Na6 9. a3 Nc7 10. Nge2 Bd7 11. Qc2 a6 12. Ne4 Ne8 13. N2c3 Qe7 14. O-O-O f5 15.
Ng3 Bh6 16. Kb1 Nc7 17. h4 Rab8 18. h5 Bg5 19. hxg6 fxg6 20. Rde1 b5 21. cxb5
axb5 22. e4 f4 23. Nge2 b4 24. axb4 Rxb4 25. e5 Be8 26. exd6 Qxd6 27. Ne4 Qd8
28. Nxg5 Qxg5 29. Rh2 Nb5 30. Bxb5 Qxb5 31. Nxf4 Ra4 32. Qc5 Qxc5 33. dxc5
Raxf4 34. f3 Bd7 35. b3 Rb4 36. Kb2 Rf7 37. Re3 Kg7 38. g3 Kf6 39. Rd2 Re7 40.
Red3 Be8 41. Rd6+ Re6 42. Re2 Bf7 43. Kc3 Rb5 44. b4 Rxd6 45. cxd6 Rd5 46. Rh2
h5 47. Rd2 Rxd2 48. Kxd2 Ke6 49. f4 Kxd6 50. Ke3 Kd5 51. Kd3 Be6 52. Ke3 Kc4
53. Ke4 Bf5+ 0-1

[Event "Brno /Olexa/"]
[Site "?"]
[Date "2012.12.29"]
[Round "6"]
[White "Doskar, Miloslav"]
[Black "Richterova, Julie"]
[Result "1-0"]
[WhiteElo "1752"]
[BlackElo "1480"]
[PlyCount "91"]
[EventDate "2012.??.??"]

1. d4 Nf6 2. c4 e5 3. dxe5 Ng4 4. Nf3 Bc5 5. e3 Nc6 6. b3 Ngxe5 7. Nxe5 Nxe5 8.
Bb2 Qe7 9. Nc3 c6 10. a3 Bb6 11. b4 d6 12. Qc2 Be6 13. Na4 Bc7 14. Bxe5 dxe5
15. Nc5 b6 16. Nxe6 Qxe6 17. Bd3 h6 18. Be4 Rd8 19. O-O O-O 20. b5 c5 21. Rad1
Rxd1 22. Rxd1 Rd8 23. Bd5 Qe7 24. e4 Qd7 25. Rd3 Kh8 26. Rf3 f6 27. h3 Qe8 {(R)
} 28. g4 Qg6 29. Rf5 Rd7 30. Kg2 Rd6 31. Qa4 Bb8 32. Qd1 Qf7 33. Qe2 Qd7 34.
Qe3 Qc8 35. Kg3 a6 36. Rh5 Qf8 37. bxa6 Rd7 38. h4 Kh7 39. Rf5 Qd8 40. g5 Rd6
41. gxh6 gxh6 42. Rh5 Qf8 43. Qf3 Qg7+ {(R)} 44. Kh3 Qd7+ 45. Rf5 Bc7 46. a7
1-0

[Event "Brno /Olexa/"]
[Site "?"]
[Date "2012.12.29"]
[Round "6"]
[White "Bartosova, Veronika"]
[Black "Hlousek, Dusan"]
[Result "1-0"]
[WhiteElo "1376"]
[BlackElo "1621"]
[PlyCount "67"]
[EventDate "2012.??.??"]

1. e4 e5 2. Nf3 Nc6 3. Nc3 Bb4 4. d4 exd4 5. Nxd4 Qf6 6. Be3 Nge7 7. Bc4 O-O 8.
O-O Bc5 9. Nxc6 Bxe3 10. Nxe7+ Qxe7 11. fxe3 c6 12. Qf3 d6 13. Rad1 Be6 14. Bd3
Qg5 15. Qf4 Qe7 16. e5 d5 17. Ne2 c5 18. b3 a6 19. Ng3 g6 20. c4 dxc4 21. Bxc4
Bxc4 22. bxc4 Rae8 23. Rd5 b5 24. Re1 Rd8 25. Rxd8 Rxd8 26. Qe4 Qc7 27. e6 Kg7
28. exf7 Rf8 29. Rf1 Rxf7 30. Rxf7+ Qxf7 31. cxb5 Qf6 32. Qb7+ Kh6 33. bxa6
Qa1+ 34. Nf1 1-0

[Event "Brno /Olexa/"]
[Site "?"]
[Date "2012.12.29"]
[Round "6"]
[White "Koci, Tereza"]
[Black "Koci, Tomas"]
[Result "1/2-1/2"]
[WhiteElo "1336"]
[BlackElo "1250"]
[PlyCount "39"]
[EventDate "2012.??.??"]

1. d4 d5 2. c4 e6 3. Nc3 Nf6 4. Nf3 Nc6 5. Bg5 Be7 6. e3 h6 7. Bh4 O-O 8. Bd3
dxc4 9. Bxc4 Nd5 10. Bxe7 Ndxe7 11. O-O Bd7 12. a3 a6 13. b4 b5 14. Bd3 Nf5 15.
Qc2 Qf6 16. Ne4 Qe7 17. Nc3 Nd6 18. d5 Na7 19. Ne2 Rac8 20. Nf4 {(R)} 1/2-1/2

[Event "Brno /Olexa/"]
[Site "?"]
[Date "2012.12.30"]
[Round "7"]
[White "Zeman, Arnost"]
[Black "Dvorak, Adam"]
[Result "1/2-1/2"]
[WhiteElo "1988"]
[BlackElo "2030"]
[PlyCount "29"]
[EventDate "2012.??.??"]

1. Nf3 Nf6 2. g3 g6 3. Bg2 Bg7 4. O-O O-O 5. c3 d5 6. Na3 b6 7. d4 Bb7 8. Nc2
Nbd7 9. Nce1 c5 10. Nd3 Ne4 11. Be3 {(R)} c4 12. Nde5 f6 13. Nxd7 Qxd7 14. Qc2
a5 15. Nd2 {(R)} 1/2-1/2

[Event "Brno /Olexa/"]
[Site "?"]
[Date "2012.12.30"]
[Round "7"]
[White "Horak, Jiri"]
[Black "Binder, Jaroslav"]
[Result "1-0"]
[WhiteElo "2209"]
[BlackElo "1884"]
[PlyCount "59"]
[EventDate "2012.??.??"]

1. e4 e5 2. Nf3 Nc6 3. Bb5 a6 4. Ba4 d6 5. d4 b5 6. Bb3 Nxd4 7. Nxd4 exd4 8.
Bd5 Rb8 9. Qxd4 Nf6 10. a4 Bd7 11. axb5 axb5 12. c3 Be7 13. O-O O-O 14. Bb3 Bc6
15. f3 Nd7 16. Qf2 Ne5 17. Be3 Ra8 18. Na3 Qb8 19. Nc2 Bf6 20. Bd4 Qb7 21. Rad1
Rab8 22. Ne3 Nd7 23. Nf5 Ne5 24. Qg3 Bd7 25. f4 Bxf5 26. fxe5 dxe5 27. Rxf5
Qxe4 28. Rxf6 exd4 29. cxd4 Rbd8 30. Rf4 1-0

[Event "Brno /Olexa/"]
[Site "?"]
[Date "2012.12.30"]
[Round "7"]
[White "Cip, Dalibor"]
[Black "Spodny, Josef"]
[Result "1/2-1/2"]
[WhiteElo "2108"]
[BlackElo "2011"]
[PlyCount "146"]
[EventDate "2012.??.??"]

1. c4 e6 2. g3 Nf6 3. Bg2 d5 4. Nf3 Be7 5. O-O O-O 6. b3 b6 7. Nc3 Bb7 8. d4
Nbd7 9. Qc2 c6 10. Rd1 Qc7 11. Bf4 Bd6 12. Bxd6 Qxd6 13. Nd2 Qe7 14. Rac1 Rac8
15. Qb2 Rfd8 16. b4 a6 17. e3 h6 18. c5 b5 19. a4 e5 20. axb5 axb5 21. Ra1 Ra8
22. Nb3 exd4 23. exd4 Rxa1 24. Qxa1 Ra8 25. Na5 Nf8 26. Re1 Qc7 27. Qd1 Bc8 28.
Qd2 Ne6 29. h3 Ng5 30. h4 Ne6 31. Bf3 Bd7 32. Nd1 Re8 33. Ne3 Nd8 34. Ng2 Rxe1+
35. Qxe1 Bf5 36. Ne3 Be4 37. Bg4 Nxg4 38. Nxg4 f6 39. Nh2 Qd7 40. f3 Bf5 41.
Kf2 Kf7 42. Nf1 Bd3 43. Ne3 Qe7 44. Qd2 Bh7 45. Ng2 Qc7 46. Qe3 Bf5 47. Nf4 Qe7
48. Qd2 Bc8 49. Qd3 Kg8 50. h5 Bd7 51. Ng6 Qe6 52. g4 Be8 53. Nh4 Qd7 54. Qe3
Bf7 55. Qf4 Be6 56. Qb8 Kf7 57. Ng6 Ke8 58. Kg3 Bf7 59. Nf4 Be6 60. Nd3 Bf7 61.
Nf2 Be6 62. f4 Qc8 63. Qd6 Qd7 64. Qb8 Qc8 65. Qxc8 Bxc8 66. Nd3 Ke7 67. f5 Bd7
68. Nf4 Be8 69. Kf3 Bf7 70. Ke3 Kd7 71. Nb3 Nb7 72. Nd3 Nd8 73. Kf4 Be8 1/2-1/2

[Event "Brno /Olexa/"]
[Site "?"]
[Date "2012.12.30"]
[Round "7"]
[White "Kucera, Petr"]
[Black "Kredl, Karel"]
[Result "1/2-1/2"]
[WhiteElo "1968"]
[BlackElo "2133"]
[PlyCount "38"]
[EventDate "2012.??.??"]

1. e4 c5 2. Nf3 d6 3. Bb5+ Bd7 4. Bxd7+ Nxd7 5. O-O Ngf6 6. Re1 e6 7. c3 Be7 8.
d4 cxd4 9. cxd4 d5 10. e5 Ne4 11. Nbd2 Nxd2 12. Bxd2 O-O 13. h4 h6 14. g4 Rc8
15. Kg2 Qb6 16. Re3 Rc7 17. Rb3 Qa6 18. Ne1 f6 19. g5 fxg5 {(R)} 1/2-1/2

[Event "Brno /Olexa/"]
[Site "?"]
[Date "2012.12.30"]
[Round "7"]
[White "Vitula, Jan"]
[Black "Pesl, Jan"]
[Result "1/2-1/2"]
[WhiteElo "1892"]
[BlackElo "1791"]
[PlyCount "51"]
[EventDate "2012.??.??"]

1. e4 d6 2. d4 Nf6 3. Nc3 g6 4. Nf3 Bg7 5. h3 O-O 6. Be3 c6 7. a4 Nbd7 8. Be2
e5 9. dxe5 dxe5 10. O-O Qc7 11. Bc4 Nb6 12. Bb3 a5 13. Qe2 Nbd7 14. Rfd1 b6 15.
Rd2 Ba6 16. Bc4 Bxc4 17. Qxc4 Rfd8 18. Rad1 Rac8 19. Rd6 Ne8 20. R6d3 h6 21.
Nh4 Kf8 22. g4 Nb8 23. b4 Qe7 24. Rxd8 Rxd8 25. Rxd8 Qxd8 26. Ng2 {(R)} 1/2-1/2

[Event "Brno /Olexa/"]
[Site "?"]
[Date "2012.12.30"]
[Round "7"]
[White "Horak, Ales"]
[Black "Martirosyan, Ara"]
[Result "1-0"]
[WhiteElo "1729"]
[BlackElo "1596"]
[PlyCount "69"]
[EventDate "2012.??.??"]

1. e4 c5 2. c3 d5 3. exd5 Qxd5 4. d4 g6 5. Be3 cxd4 6. Bxd4 e5 7. Qe2 Bg7 8.
Nf3 Nc6 9. Be3 Nf6 10. Qb5 a6 11. Qxd5 Nxd5 12. Nbd2 Nxe3 13. fxe3 Be6 14.
O-O-O O-O-O 15. Bc4 Rhe8 16. Bxe6+ Rxe6 17. Ng5 Re7 18. Nc4 h6 {(R)} 19. Ne4
Red7 20. Nb6+ Kc7 21. Nxd7 Rxd7 22. Rxd7+ Kxd7 23. Rd1+ Kc7 24. Nd6 Bf8 25.
Nxf7 Bc5 26. Kd2 h5 27. Ke2 b5 28. Rd5 Be7 29. Nxe5 Bd6 30. Nxc6 Kxc6 31. Rg5
b4 32. cxb4 Bxb4 33. Rxg6+ Kb5 34. Rg5+ Kc4 35. Rxh5 1-0

[Event "Brno /Olexa/"]
[Site "?"]
[Date "2012.12.30"]
[Round "7"]
[White "Glacner, Karel"]
[Black "Kopecek, Ivan"]
[Result "0-1"]
[WhiteElo "1590"]
[BlackElo "1951"]
[PlyCount "54"]
[EventDate "2012.??.??"]

1. Nc3 d5 2. Nf3 d4 3. Ne4 f5 4. Ng3 e5 5. Nxe5 Qd5 6. Nd3 Bd6 7. Nh5 Qf7 8. e3
Nc6 9. b3 Nf6 10. Nxf6+ Qxf6 11. Bb2 O-O 12. Be2 Bd7 13. Nf4 Rae8 14. Nh5 Qe7
15. c3 f4 16. cxd4 fxe3 17. d5 exf2+ 18. Kf1 Ne5 19. a3 g6 20. Ng3 Ng4 21. Rc1
Qh4 22. h3 Bxg3 23. d6 Bb5 24. Rc4 Bxd6 25. Rxg4 Rxe2 26. g3 Rxd2+ 27. Kg2
f1=Q# 0-1

[Event "Brno /Olexa/"]
[Site "?"]
[Date "2012.12.30"]
[Round "7"]
[White "Hrdlicka, Vladan"]
[Black "Kosina, Vladimir"]
[Result "1/2-1/2"]
[WhiteElo "1512"]
[BlackElo "1808"]
[PlyCount "126"]
[EventDate "2012.??.??"]

1. e4 c5 2. Nf3 e6 3. d4 cxd4 4. Nxd4 Nc6 5. Nxc6 bxc6 6. Bd3 Nf6 7. O-O Bc5 8.
Nd2 a5 9. a3 a4 10. e5 Nd5 11. Ne4 Be7 12. Qg4 Kf8 13. Bg5 f5 14. exf6 Nxf6 15.
Qf3 d5 16. Ng3 Qe8 17. Rfe1 Qf7 18. h4 h5 19. Qe2 Bd6 20. c4 Bd7 21. cxd5 cxd5
22. Bb5 Re8 23. Bxd7 Nxd7 24. Rad1 g6 25. Ne4 Bb8 26. Nc3 Kg7 27. Nxa4 Rhf8 28.
Qe3 Bf4 29. Qc3+ Kh7 30. Qc2 Bxg5 31. hxg5 Qf4 32. Re2 Qxg5 33. Rde1 e5 34. Qc7
Qd8 35. Qxd8 Rxd8 36. b4 e4 37. Nc5 Nxc5 38. bxc5 Rc8 39. Rc1 Rf6 40. Rd2 Ra6
41. Rc3 Rca8 42. Rxd5 Rxa3 43. Rc2 e3 44. c6 exf2+ 45. Kxf2 Ra2 46. Rdd2 Rf8+
47. Kg1 Ra1+ 48. Kh2 Ra7 49. Rd7+ Rxd7 50. cxd7 Rd8 51. Rd2 g5 52. Rd6 Kg7 53.
Kg3 Kf7 54. Kf3 Ke7 55. Rd4 Rf8+ 56. Ke3 Rb8 57. d8=Q+ Rxd8 58. Rxd8 Kxd8 59.
Ke4 h4 60. Kf5 Ke7 61. Kxg5 h3 62. gxh3 Kf7 63. Kh6 Kg8 {(R)} 1/2-1/2

[Event "Brno /Olexa/"]
[Site "?"]
[Date "2012.12.30"]
[Round "7"]
[White "Hala, Pavel"]
[Black "Brhlik, Antonin"]
[Result "1/2-1/2"]
[WhiteElo "1571"]
[BlackElo "1687"]
[PlyCount "113"]
[EventDate "2012.??.??"]

1. c4 e6 2. Nc3 d5 3. cxd5 exd5 4. d4 Nf6 5. e3 Be7 6. Nf3 O-O 7. Bd3 b6 8. h3
Bb7 9. O-O Nbd7 10. a3 c5 11. Re1 Ne4 12. Ne2 Rc8 13. Nd2 Qc7 14. Bxe4 dxe4 15.
Nf1 Rfd8 16. Bd2 Bf6 17. Rc1 Qd6 18. Bc3 Qb8 19. Rc2 Ne5 20. Qb1 Nd3 21. Rd1
Qd6 22. dxc5 Qxc5 23. Rdd2 Qf5 24. Neg3 Qe6 25. Bxf6 Qxf6 26. Rxc8 Rxc8 27. Rc2
Rxc2 28. Qxc2 Qxb2 29. Qc7 Qxf2+ 30. Kh2 h6 31. Qb8+ Kh7 32. Qxb7 f5 33. Qf7
Ne1 34. Qxf5+ Qxf5 35. Nxf5 Nc2 36. a4 Kg6 37. Nd6 a6 38. Nxe4 b5 39. axb5 axb5
40. Ned2 Kf5 41. Kg3 b4 42. Kf2 Ke5 43. Nb3 Ke4 44. Ke2 Na3 45. Nfd2+ Ke5 46.
g3 Nb5 47. Kd3 Nd6 48. Nc4+ Nxc4 49. Kxc4 Ke4 50. Nd4 Kxe3 51. Nf5+ Kf3 52. g4
Kg2 53. h4 Kf3 54. g5 hxg5 55. hxg5 Kf4 56. Nxg7 Kxg5 57. Kxb4 1/2-1/2

[Event "Brno /Olexa/"]
[Site "?"]
[Date "2012.12.30"]
[Round "7"]
[White "Smutny, Vladimir"]
[Black "Doskar, Miloslav"]
[Result "1/2-1/2"]
[WhiteElo "1617"]
[BlackElo "1752"]
[PlyCount "86"]
[EventDate "2012.??.??"]

1. d4 Nf6 2. Bg5 e6 3. e3 b6 4. Qf3 d5 5. Bxf6 gxf6 6. Bd3 Nd7 7. Nd2 Bb7 8. c3
Qe7 9. Qe2 O-O-O 10. Ba6 e5 11. Bxb7+ Kxb7 12. a4 a5 13. Qb5 c6 14. Qd3 e4 15.
Qb1 f5 16. Ne2 Rg8 17. g3 h5 18. h4 Nf6 19. Nf4 Bh6 20. Ng2 Bf8 21. O-O Rg4 22.
Qc2 Qd6 23. Rfb1 c5 24. dxc5 Qxc5 25. Nb3 Qc8 26. Nd4 Bc5 27. Qd2 Nd7 28. b4
axb4 29. cxb4 Bxd4 30. Qxd4 Qc4 31. Qd2 Qc7 32. b5 Ne5 33. Rc1 Qd6 34. Qc3 Rgg8
35. a5 Rc8 36. a6+ Ka7 37. Qb3 Rc4 38. Rd1 Nd3 39. Rab1 Nxf2 40. Qxc4 Qxg3 41.
Qf1 Nh3+ 42. Kh1 Nf2+ 43. Kg1 Nh3+ 1/2-1/2

[Event "Brno /Olexa/"]
[Site "?"]
[Date "2012.12.30"]
[Round "7"]
[White "Zikan, Karel"]
[Black "Hlousek, Dusan"]
[Result "1-0"]
[WhiteElo "1813"]
[BlackElo "1621"]
[PlyCount "75"]
[EventDate "2012.??.??"]

1. Nf3 Nc6 2. d4 d5 3. Bf4 Bg4 4. e3 e6 5. Nbd2 Bd6 6. Bxd6 Qxd6 7. h3 Bh5 8.
Be2 f6 9. O-O a6 10. c4 Nge7 11. Qb3 Rb8 12. Rac1 O-O 13. Rfe1 Qb4 14. Qxb4
Nxb4 15. a3 Nbc6 16. b4 b5 17. cxd5 exd5 18. Nb3 Rfc8 19. Rc3 Na7 20. Nc5 Rb6
21. Rec1 c6 22. Kf1 Bf7 23. g4 h6 24. Ne1 Rc7 25. Kg2 Nec8 26. Ned3 Ne7 27. a4
bxa4 28. Nxa4 Rb8 29. Nac5 Rb6 30. Ra3 Nb5 31. Rxa6 Rxa6 32. Nxa6 Rc8 33. Nac5
g5 34. Ra1 Kg7 35. Ne1 Rc7 36. Bxb5 cxb5 37. Ra5 Be8 38. Ne6+ 1-0

[Event "Brno /Olexa/"]
[Site "?"]
[Date "2012.12.30"]
[Round "7"]
[White "Koci, Tomas"]
[Black "Richterova, Julie"]
[Result "1/2-1/2"]
[WhiteElo "1250"]
[BlackElo "1480"]
[PlyCount "41"]
[EventDate "2012.??.??"]

1. e4 d6 2. f4 Nf6 3. Nc3 Bg4 4. Be2 Bxe2 5. Ngxe2 Nc6 6. d4 e6 7. O-O Be7 8.
f5 e5 9. d5 Nb8 10. Ng3 c6 11. Nh5 O-O 12. Qf3 Nbd7 13. Qh3 Rc8 14. Rf3 Nxh5
15. Qxh5 Nf6 16. Qh3 cxd5 17. Nxd5 Nxd5 18. exd5 Bg5 19. Qg4 Bxc1 20. Rxc1 Qf6
21. c3 {(R)} 1/2-1/2